000 00599nam a2200193Ia 4500
003 GCL
008 140319s9999 xx 000 0 ara d
040 _aGCL /
_cGCL
082 0 4 _a953.03
_bص ض
100 1 _aصفاء حافظ عبدالفتاح
245 1 0 _aضياع بنى امية فى عصر الخلافة 41هـ - 132هـ /
_cصفاء حافظ عبدالفتاح
260 _a[S.N] :
_bدار النهضة العربية ،
_c1991
300 _a85 ص
490 _a
650 0 4 _aتاريخ
650 0 4 _aالدولة الاموية
650 0 4 _aالامويون
942 _2ddc
_cBK
999 _c31829
_d31829